Výpočet energetických bariér medzi magnetickými stavmi

Salvato in:
Dettagli Bibliografici
Autore principale: Puškár, David (Autore)
Altri autori: Tóbik, Jaroslav (Relatore della tesi)
Natura: Manoscritto Libro
Lingua:slovacco
Pubblicazione: 2025
Soggetti:
Accesso online:http://is.stuba.sk/zp/portal_zp.pl?podrobnosti=184572
Tags: Aggiungi Tag
Nessun Tag, puoi essere il primo ad aggiungerne!!

MARC

LEADER 00000ntm a22000003a 4500
001 stuzp106329
003 SK-STU
005 20250614214133.8
007 ta
008 150427s2015----xo-----f-mn---000-0-slo-d
040 |a STU  |b slo 
041 0 |a slo 
100 1 |a Puškár, David  |u 036000  |4 aut  |U FEI Fakulta elektrotechniky a informatiky  |T FEI Ústav jadrového a fyzikálneho inžinierstva  |X 111258  |U E060  |Y 817  |7 111258 
242 0 1 |a The calculation of energy barriers between magnetic states  |y eng 
245 1 0 |a Výpočet energetických bariér medzi magnetickými stavmi 
260 |c 2025 
650 4 |a macrospin  |2 eng 
650 4 |a magnetic state  |2 eng 
650 4 |a micromagnetism  |2 eng 
650 4 |a macrospin model  |2 eng 
650 4 |a energy barrier  |2 eng 
650 4 |a makrospin  |2 slo 
650 4 |a magnetický stav  |2 slo 
650 4 |a mikromagetizmus  |2 slo 
650 4 |a energetická bariéra  |2 slo 
650 4 |a makrospinový model  |2 slo 
700 1 |a Tóbik, Jaroslav  |u 036000  |k Z8  |4 ths  |U FEI Fakulta elektrotechniky a informatiky  |T FEI Ústav jadrového a fyzikálneho inžinierstva  |X 38261  |U E060  |Y 817  |7 A000038261 
856 4 |u http://is.stuba.sk/zp/portal_zp.pl?podrobnosti=184572